Bat jamboree / (Record no. 105151)
[ view plain ]
| 000 -LEADER | |
|---|---|
| fixed length control field | 00686nam a2200193 a 4500 |
| 005 - DATE AND TIME OF LATEST TRANSACTION | |
| control field | 20140412111342.0 |
| 008 - FIXED-LENGTH DATA ELEMENTS--GENERAL INFORMATION | |
| fixed length control field | 040114s19uu xx 00 eng d |
| 020 ## - INTERNATIONAL STANDARD BOOK NUMBER | |
| International Standard Book Number | 0-688-16167-7 |
| 050 ## - LIBRARY OF CONGRESS CALL NUMBER | |
| Classification number | TR(PS E |
| Item number | Ba31 1996 |
| 100 ## - MAIN ENTRY--PERSONAL NAME | |
| Personal name | Appelt, Kathi |
| 245 ## - TITLE STATEMENT | |
| Title | Bat jamboree / |
| Statement of responsibility, etc | by Kathi Appelt ; illustrated by Melissa Sweet. |
| 260 ## - PUBLICATION, DISTRIBUTION, ETC. (IMPRINT) | |
| Place of publication, distribution, etc | New York : |
| Name of publisher, distributor, etc | HarperCollins Publishers, |
| Date of publication, distribution, etc | 1996. |
| 300 ## - PHYSICAL DESCRIPTION | |
| Extent | [22] p. ; ill. |
| 520 ## - SUMMARY, ETC. | |
| Summary, etc | At an abandoned outdoor movie theater, fifty-five bats perform in a toe-tapping, wing-flapping revue--and await the grand finale. |
| 650 ## - SUBJECT ADDED ENTRY--TOPICAL TERM | |
| Topical term or geographic name as entry element | Bats--Fiction |
| 650 ## - SUBJECT ADDED ENTRY--TOPICAL TERM | |
| Topical term or geographic name as entry element | Motion picture theaters--Fiction |
| 650 ## - SUBJECT ADDED ENTRY--TOPICAL TERM | |
| Topical term or geographic name as entry element | Stories in rhyme |
| Withdrawn status | Lost status | Damaged status | Use restrictions | Home library | Current library | Shelving location | Date acquired | Source of acquisition | Cost, normal purchase price | Total Checkouts | Full call number | Barcode | Date last seen | Price effective from | Koha item type |
|---|---|---|---|---|---|---|---|---|---|---|---|---|---|---|---|
| Elizalde Library | Elizalde Library | Teachers Reference Section | 01/14/2004 | 122.50 | TR(PS E Ba31 1996 | E9495 | 04/12/2014 | 04/12/2014 | Books |